Îles avec la plus haute altitude - Statistiques

Statistiques générales
  • Ce quiz a été pris 87 fois
  • Le résultat moyen est 10 sur 27
Statistiques - réponses
m montagne île % Correct
3070 Piton des Neiges Réunion
82%
3676 Semeru Java
75%
4095 Mont Kinabalu Bornéo
69%
3805 Gunung Kerinci Sumatra
68%
3326 Mont Etna Sicile
65%
3776 Mont Fuji Honshu
63%
2876 Maromokotro Madagascar
60%
4205 Mauna Kea Hawaï
58%
3031 Gunung Agung Bali
50%
3952 Jade Mountain Taïwan
49%
3694 Gunnbjørnsfjeld Groenland
44%
4884 Puncak Jaya Nouvelle Guinée
44%
3724 Aoraki / Mont Cook Île du Sud
43%
3478 Bulu Rantemario Sulawesi
36%
3718 Teide Tenerife
36%
3098 Pico Duarte Hispaniola
35%
2922 Mont Pulag Luçon
32%
2963 Gunung Tata Mailau Timor
17%
3726 Mont Rinjani Lombok
13%
2954 Mont Apo Mindanao
10%
2934 Mont Paget Géorgie du Sud
4%
3794 Mont Erebus Île de Ross
4%
3055 Haleakala Maui
4%
3011 Pico Basilé Bioko
1%
3110 Mont Siple Île Siple
1%
3027 Gunung Binaiya Céram
0%
2987 Mont Stephenson Île Alexander
0%
Aucun quiz correspondant
Distribution des résultats
% des personnes avec chaque résultat
Percentile par nombre de réponses
Votre historique - résultats
Vous n’avez pas pris ce quiz